Mosambik-visa - Statistics

Yleistilastot
  • Tätä visaa on pelattu 215 kertaa
  • Keskiarvotulos 11 / 16
Vastaustilastot
Vihje Vastaus % Oikein
Mosambikin naapurimaat Etelä-Afrikka
96%
Mosambikin naapurimaat Zimbabwe
95%
Mosambikin naapurimaat Tansania
94%
Mosambikin naapurimaat Sambia
93%
Suuri saari, joka sijaitsee 200 kilometriä Mosambikista itään Madagaskar
90%
Mosambikin naapurimaat Swazimaa
90%
Mosambikin naapurimaat Malawi
85%
Mosambikin lipussa oleva rynnäkkökivääri AK-47
76%
Virallinen kieli Portugali
74%
Pääkaupunki Maputo
72%
Tutkimusmatkailija, joka vieraili Mosambikissa vuonna 1498 matkallaan Intiaan Vasco da Gama
54%
Pisimmät Mosambikin läpi virtaavat joet Sambesi
51%
Tärkein vientituote (metalli) Alumiini
45%
Perusviljelykasvi: tärkkelyspitoinen, alkaa kirjaimella M Maniokki
45%
Pisimmät Mosambikin läpi virtaavat joet Limpopo
33%
Mosambikissa syntynyt jalkapalloilija, joka tunnetaan lempinimellä "musta pantteri" Eusébio
28%
Ehtoja vastaavia visoja ei löytynyt
Tulosjakauma
Jokaisen tuloksen saaneiden osuus
Persentiili vastausten määrän mukaan
Tuloshistoriasi
Et ole pelannut tätä visaa